000 00495nam a22001937a 4500
003 MPLRDC
005 20220104192603.0
008 210129b ||||| |||| 00| 0 eng d
020 _a978-957-639-538-3
082 _a855 CWQ-7
100 _a陈文茜
245 _a文茜的百年驿站
_c
250 _a初版11刷
260 _a台湾
_b尔雅出版社有限公司
_c2012
300 _b
490 _a尔雅丛书: 540
650 _a散文;随笔、日记
942 _cBK
_o855 CWQ-7
999 _c64782
_d64772